| 000 | 00462cam a2200181 4500 | ||
|---|---|---|---|
| 001 | D15068 | ||
| 008 | 090401t1967 xxu||||| |||| 00| 0 eng d | ||
| 035 | _a(Sirsi) u20046 | ||
| 041 | _aeng | ||
| 110 |
_aRoyal Institution of Chartered Surveyors _bLancashire Cheshire _9800 |
||
| 245 | _aAnnual report and accounts 1966/1967 | ||
| 260 |
_bRICS _c1967 |
||
| 300 | _a19p | ||
| 350 | _a0 | ||
| 520 | _aFiled in box 1967/18A | ||
| 942 | _n0 | ||
| 948 | _c04/03/1997 | ||
| 999 |
_c87751 _d87751 |
||